[Event "Chess24 Banter QualF 2020"]
[Site "chess24.com INT"]
[Date "2020.09.13"]
[Round "1.8"]
[White "Niemann, Hans Moke"]
[Black "Oparin, Grigoriy"]
[Result "0-1"]
[WhiteTitle "IM"]
[BlackTitle "GM"]
[WhiteElo "2465"]
[BlackElo "2652"]
[WhiteFideId "2093596"]
[BlackFideId "24125890"]
[EventDate "2020.09.13"]

1. Nf3 d5 2. c4 dxc4 3. e3 Nf6 4. Bxc4 e6 5. O-O a6 6. b3 c5 7. Bb2 Be7 8. d4
Nbd7 9. Nbd2 O-O 10. Be2 b6 11. dxc5 Nxc5 12. Nc4 b5 13. Qxd8 Rxd8 14. Na5 Bd7
15. Ne5 Rac8 16. Rac1 Be8 17. Bf3 Nd5 18. Rfd1 f6 19. Bxd5 exd5 20. Nf3 Bh5 21.
Bd4 Nd3 22. Rb1 Ne5 23. Bxe5 fxe5 24. Rdc1 Bf6 25. Nc6 Re8 26. Nb4 Bg6 27. Rxc8
Rxc8 28. Rd1 d4 29. exd4 exd4 30. Nxa6 d3 31. Nb4 Rd8 32. h3 Bc3 33. Nc6 Re8 34.
a4 bxa4 35. bxa4 Be4 36. Ncd4 Bb4 37. Nb3 Bxf3 38. gxf3 d2 39. Nxd2 Rd8 40. Kf1
Rxd2 41. Rb1 Rd4 42. Ke2 Ba5 43. Rb8+ Kf7 44. Ra8 Rxa4 45. f4 Ra3 46. h4 Bb4 47.
Rb8 Be7 48. h5 Rh3 49. Rb5 Rc3 50. Rf5+ Bf6 51. Rb5 h6 52. Rd5 Be7 53. Rf5+ Ke8
54. Rb5 Rc5 55. Rb8+ Kf7 56. Kf3 Rxh5 57. Ke4 Ra5 58. Rb7 h5 59. Kf3 Ra3+ 60.
Ke4 h4 61. Rb8 h3 62. Rh8 Bf6 63. f3 Ra4+ 64. Ke3 g5 65. Rxh3 gxf4+ 66. Kd3 Rd4+
67. Ke2 Ke6 68. Rh5 Ra4 69. Rb5 Ra3 70. Rb6+ Kf5 71. Rb5+ Be5 72. Rc5 Re3+ 73.
Kf2 Ke6 74. Ra5 Bd4 75. Kg2 Be5 76. Rb5 Kf5 77. Ra5 Rb3 78. Rc5 Rb2+ 79. Kf1 Ke6
80. Rc4 Kd5 81. Ra4 Bd4 82. Ra5+ Kc4 83. Ra3 Be3 84. Ra4+ Kd5 85. Ra5+ Ke6 86.
Rh5 Rf2+ 87. Ke1 Rxf3 88. Ke2 Rg3 89. Kd3 Bg1+ 90. Ke4 f3 91. Re5+ Kd6 92. Rd5+
Kc6 93. Rd3 f2 94. Rxg3 f1=Q 95. Rg6+ Kc5 96. Rg5+ Kc4 97. Rg4 Bd4 98. Rf4 Qd3# 0-1

[Event "Chess24 Banter QualF 2020"]
[Site "chess24.com INT"]
[Date "2020.09.13"]
[Round "1.1"]
[White "Abdusattorov, Nodirbek"]
[Black "Iturrizaga Bonelli, Eduardo"]
[Result "1/2-1/2"]
[WhiteTitle "GM"]
[BlackTitle "GM"]
[WhiteElo "2627"]
[BlackElo "2607"]
[WhiteFideId "14204118"]
[BlackFideId "3901211"]
[EventDate "2020.09.13"]

1. e4 c6 2. d4 d5 3. exd5 cxd5 4. Bd3 Nc6 5. c3 Qc7 6. Ne2 Bg4 7. O-O e6 8. Qe1
Bd6 9. f3 Bh5 10. Qh4 Bg6 11. Bxg6 fxg6 12. Nf4 Bxf4 13. Bxf4 Qd7 14. Re1 Nf6
15. Nd2 O-O 16. Nb3 b6 17. Nc1 Nh5 18. Bd2 Rae8 19. Nd3 Nf6 20. Re2 Ne7 21. Rae1
Nf5 22. Qf2 Qb5 23. Nf4 Qxb2 24. Nxe6 Rf7 25. Nf4 Rfe7 26. Rxe7 Rxe7 27. Rxe7
Nxe7 28. Qe1 Kf7 29. Qe6+ Ke8 30. Be1 Qxa2 31. Bh4 Qb1+ 32. Kf2 Qf5 33. Qe5 Kf7
34. Bxf6 Qxf6 35. Qc7 Qf5 36. Ke3 g5 37. Nd3 Qe6+ 38. Ne5+ Kf6 39. g4 Ng6 40.
Qxa7 Nxe5 41. dxe5+ Qxe5+ 42. Kd3 Qd6 43. Qa8 h6 44. h3 Kg6 45. Qe8+ Kh7 46. Kd4
Qc5+ 47. Kd3 Qc4+ 48. Kd2 Qf4+ 49. Qe3 Qh2+ 50. Kd3 Qxh3 51. Kd4 Qf1 52. Kxd5
Qb5+ 53. Kd6 Qb3 54. Kc6 b5 55. Qd3+ Kh8 56. Kc5 Qa3+ 57. Kxb5 Qa8 58. c4 Qb7+
59. Ka4 Qc7 60. Qd5 Qa7+ 61. Kb5 Qb8+ 62. Ka5 Qa7+ 63. Kb5 Qb8+ 64. Ka4 Qa7+ 65.
Kb3 Qb6+ 66. Kc2 Qf2+ 67. Kd3 Qf1+ 68. Ke4 Qe1+ 69. Kf5 Qe7 70. Qe6 Qf8+ 71. Ke4
Qf4+ 72. Kd5 Qxf3+ 73. Kd6 Qf4+ 74. Kd7 Qd4+ 75. Kc6 Kh7 76. c5 Qa4+ 77. Kd6
Qd4+ 78. Kc6 Qa4+ 79. Kc7 Qa7+ 80. Kd6 Qb8+ 81. Kd7 Qb7+ 82. Kd8 Qb8+ 83. Kd7
Qb7+ 84. Kd6 Qb8+ 85. Kd5 Qb3+ 86. Ke5 Qe3+ 87. Kd6 Qd4+ 88. Kc6 1/2-1/2

[Event "Chess24 Banter QualF 2020"]
[Site "chess24.com INT"]
[Date "2020.09.13"]
[Round "1.2"]
[White "Iturrizaga Bonelli, Eduardo"]
[Black "Abdusattorov, Nodirbek"]
[Result "1-0"]
[WhiteTitle "GM"]
[BlackTitle "GM"]
[WhiteElo "2607"]
[BlackElo "2627"]
[WhiteFideId "3901211"]
[BlackFideId "14204118"]
[EventDate "2020.09.13"]

1. c4 c6 2. Nf3 d5 3. e3 Nf6 4. Nc3 e6 5. b3 Bd6 6. d4 Nbd7 7. Bd3 O-O 8. O-O e5
9. cxd5 cxd5 10. dxe5 Nxe5 11. Bb2 Nxf3+ 12. gxf3 Bh3 13. Re1 d4 14. Ne2 Nd5 15.
Bxd4 Bb4 16. Ng3 Bxe1 17. Qxe1 Re8 18. Qd2 Rc8 19. Rd1 Nf4 20. exf4 Qd7 21. Be3
Rcd8 22. Qc2 Kh8 23. Be2 Qe7 24. Rxd8 Rxd8 25. Bf1 Bxf1 26. Kxf1 b6 27. Kg2 h6
28. Qe4 Qd7 29. f5 f6 30. Qg4 Rc8 31. Nh5 Qf7 32. Nf4 Kh7 33. Ne6 Rc2 34. a4 Rb2
35. Qc4 Qe7 36. Bd4 Ra2 37. Bc3 Rc2 38. Qd3 Rc1 39. Bd2 Ra1 40. Qc3 Rd1 41. Bf4
Rd5 42. Qc2 Qf7 43. Qe4 Rd7 44. Bg3 Rd1 45. Qa8 Qg8 46. Nf8+ Kh8 47. Ng6+ Kh7
48. Qxa7 Qxb3 49. Nf8+ Kh8 50. Ne6 1-0

[Event "Chess24 Banter QualF 2020"]
[Site "chess24.com INT"]
[Date "2020.09.13"]
[Round "1.3"]
[White "Abdusattorov, Nodirbek"]
[Black "Iturrizaga Bonelli, Eduardo"]
[Result "1/2-1/2"]
[WhiteTitle "GM"]
[BlackTitle "GM"]
[WhiteElo "2627"]
[BlackElo "2607"]
[WhiteFideId "14204118"]
[BlackFideId "3901211"]
[EventDate "2020.09.13"]

1. e4 c6 2. d4 d5 3. exd5 cxd5 4. Bd3 Nc6 5. c3 Qc7 6. Ne2 Bg4 7. O-O Bh5 8. Qe1
Bg6 9. Nf4 Bxd3 10. Nxd3 e6 11. Bf4 Bd6 12. Bxd6 Qxd6 13. Nd2 Nge7 14. f4 O-O
15. Qh4 Rae8 16. Rae1 b6 17. Rf3 Nf5 18. Qg4 f6 19. Rh3 Qd7 20. Qe2 Nd6 21. Re3
Nf5 22. Rxe6 Ncxd4 23. cxd4 Nxd4 24. Rxe8 Nxe2+ 25. R8xe2 Qa4 26. Nf3 Qxa2 27.
Rc1 Qb3 28. Rc3 Qa4 29. Re7 Re8 30. Rxe8+ Qxe8 31. Kf2 h5 32. g3 Kh7 33. Nc1 Qb5
34. b3 a5 35. Ne2 Qb4 36. Nfd4 b5 37. Rc7 a4 38. bxa4 bxa4 39. Ne6 Qb6+ 40. N2d4
a3 41. Rxg7+ Kh8 42. Rf7 a2 43. Rf8+ Kh7 44. Rf7+ Kg6 45. Rg7+ Kh6 46. Rf7 a1=Q
47. Rxf6+ Kh7 48. Rf7+ Kg8 49. Rf8+ Kh7 50. Rf7+ Kg8 51. Rf8+ Kh7 52. Rf7+ 1/2-1/2

[Event "Chess24 Banter QualF 2020"]
[Site "chess24.com INT"]
[Date "2020.09.13"]
[Round "1.4"]
[White "Iturrizaga Bonelli, Eduardo"]
[Black "Abdusattorov, Nodirbek"]
[Result "1/2-1/2"]
[WhiteTitle "GM"]
[BlackTitle "GM"]
[WhiteElo "2607"]
[BlackElo "2627"]
[WhiteFideId "3901211"]
[BlackFideId "14204118"]
[EventDate "2020.09.13"]

1. c4 e6 2. g3 d5 3. Bg2 Nf6 4. Nf3 c5 5. O-O Nc6 6. cxd5 exd5 7. d4 cxd4 8.
Nxd4 Bc5 9. Nb3 Bb6 10. Nc3 d4 11. Na4 O-O 12. Bg5 Re8 13. h3 h6 14. Bxf6 Qxf6
15. Rc1 Bf5 16. Nbc5 Rac8 17. Nxb7 Nb4 18. a3 Nc2 19. Qd2 Qe7 20. b4 Nxa3 21.
Nbc5 Nb5 22. Rfe1 Red8 23. e4 Bd7 24. Qd3 Bc6 25. e5 Bxg2 26. Kxg2 Qe8 27. e6
Qc6+ 28. Kg1 Re8 29. exf7+ Kxf7 30. Qc4+ Kg6 31. Qd3+ Kf7 32. Qc4+ Kg6 33. Qc2+
Kf7 34. Qc4+ 1/2-1/2

[Event "Chess24 Banter QualF 2020"]
[Site "chess24.com INT"]
[Date "2020.09.13"]
[Round "1.5"]
[White "Abdusattorov, Nodirbek"]
[Black "Iturrizaga Bonelli, Eduardo"]
[Result "1/2-1/2"]
[WhiteTitle "GM"]
[BlackTitle "GM"]
[WhiteElo "2627"]
[BlackElo "2607"]
[WhiteFideId "14204118"]
[BlackFideId "3901211"]
[EventDate "2020.09.13"]

1. d4 Nf6 2. Nf3 e6 3. e3 b6 4. Bd3 Bb7 5. b3 g6 6. Bb2 Bg7 7. O-O O-O 8. Nbd2
c5 9. c4 cxd4 10. exd4 d5 11. Ne5 Nc6 12. Ndf3 dxc4 13. Bxc4 Nd5 14. Nxc6 Bxc6
15. Ne5 Bb7 16. Rc1 Nf4 17. f3 Qg5 18. Rc2 Rfd8 19. Qe1 Rac8 20. a4 Nd5 21. Bc1
Qe7 22. Bd2 Qd6 23. Kh1 Rc7 24. Qe2 Rdc8 25. Rfc1 a6 26. Qd3 h6 27. h3 h5 28.
Be1 Nf4 29. Qe3 Nd5 30. Qf2 b5 31. axb5 axb5 32. Bxb5 Rxc2 33. Rxc2 Rxc2 34.
Qxc2 Qb6 35. Qd3 Nf4 36. Qc4 Bd5 37. Qc8+ Kh7 38. Bd2 Qxd4 39. Nxf7 Qxd2 40.
Ng5+ Kh6 41. Nf7+ Kh7 42. Ng5+ Kh6 43. Nf7+ Kh7 1/2-1/2

[Event "Chess24 Banter QualF 2020"]
[Site "chess24.com INT"]
[Date "2020.09.13"]
[Round "1.6"]
[White "Iturrizaga Bonelli, Eduardo"]
[Black "Abdusattorov, Nodirbek"]
[Result "0-1"]
[WhiteTitle "GM"]
[BlackTitle "GM"]
[WhiteElo "2607"]
[BlackElo "2627"]
[WhiteFideId "3901211"]
[BlackFideId "14204118"]
[EventDate "2020.09.13"]

1. c4 c6 2. Nf3 d5 3. d4 Nf6 4. Nc3 e6 5. Bg5 Nbd7 6. e3 Qa5 7. cxd5 exd5 8. Nd2
Be7 9. Bd3 Nf8 10. Bh4 Ne6 11. O-O O-O 12. f4 Qd8 13. f5 Nc7 14. Qe2 Nce8 15.
Rae1 Nd6 16. Rf4 Re8 17. Qf2 b5 18. e4 b4 19. Na4 dxe4 20. Nxe4 Nfxe4 21. Bxe4
Bxh4 22. Rxh4 Bxf5 23. Bxc6 Rxe1+ 24. Qxe1 Rc8 25. d5 a5 26. Rd4 Qf6 27. Rd2 Ne4
28. Rd1 h6 29. Qe3 Bg6 30. Qd4 Qd6 31. h3 Rc7 32. Nb6 Ng3 33. Qf2 Rxc6 34. dxc6
Qxd1+ 35. Kh2 Nf1+ 36. Kg1 Ne3+ 37. Kh2 Qd6+ 38. Kg1 Nd1 0-1

[Event "Chess24 Banter QualF 2020"]
[Site "chess24.com INT"]
[Date "2020.09.13"]
[Round "1.7"]
[White "Abdusattorov, Nodirbek"]
[Black "Iturrizaga Bonelli, Eduardo"]
[Result "0-1"]
[WhiteTitle "GM"]
[BlackTitle "GM"]
[WhiteElo "2627"]
[BlackElo "2607"]
[WhiteFideId "14204118"]
[BlackFideId "3901211"]
[EventDate "2020.09.13"]

1. e4 c6 2. d4 d5 3. exd5 cxd5 4. Bd3 Nc6 5. c3 Qc7 6. Ne2 Bg4 7. O-O Bh5 8. Qb3
e6 9. Bf4 Qd7 10. Nd2 Nge7 11. Ng3 Bg6 12. Be2 h5 13. Rfe1 h4 14. Ngf1 Bf5 15.
Ne3 Ng6 16. Bg5 Be7 17. Bxe7 Ngxe7 18. Nxf5 Nxf5 19. Bd3 g6 20. Nf3 Kf8 21. Bxf5
gxf5 22. c4 dxc4 23. Qxc4 Rd8 24. Rac1 Qd5 25. Qa4 Rg8 26. Qa3+ Qd6 27. Qe3 Nxd4
28. Red1 Rg4 29. h3 Rf4 30. Ne5 Re4 31. Qh6+ Ke8 32. Nxf7 Kxf7 33. Rc7+ Qxc7 34.
Qh7+ Kf6 35. Qxc7 Ne2+ 36. Kh2 Rxd1 37. Qc8 Nd4 38. Qf8+ Ke5 39. f3 Nxf3+ 40.
gxf3 Re2# 0-1

[Event "Chess24 Banter QualF 2020"]
[Site "chess24.com INT"]
[Date "2020.09.13"]
[Round "1.8"]
[White "Iturrizaga Bonelli, Eduardo"]
[Black "Abdusattorov, Nodirbek"]
[Result "0-1"]
[WhiteTitle "GM"]
[BlackTitle "GM"]
[WhiteElo "2607"]
[BlackElo "2627"]
[WhiteFideId "3901211"]
[BlackFideId "14204118"]
[EventDate "2020.09.13"]

1. c4 c6 2. d4 d5 3. Nf3 Nf6 4. Nc3 e6 5. e3 Bd6 6. b3 Nbd7 7. Bb2 Ne4 8. Bd3 f5
9. O-O O-O 10. Ne2 Qf6 11. a4 Rf7 12. Ba3 Bc7 13. Ne1 Qh6 14. f4 g5 15. Nf3 Ndf6
16. Bxe4 Nxe4 17. Ne5 Rg7 18. Ng3 Nf6 19. Qf3 Bd7 20. cxd5 Nxd5 21. Rac1 Be8 22.
Rce1 Rd8 23. Bc1 gxf4 24. exf4 Nf6 25. Bb2 Qh4 26. Re2 Bxe5 27. dxe5 Ng4 28. h3
Nxe5 29. Bxe5 Rxg3 30. Qf2 Rdd3 31. Ba1 Qxh3 32. Rxe6 Bf7 33. Qb2 Rxg2+ 34.
Qxg2+ Rg3 35. Re2 Bd5 36. Rff2 Rxg2+ 37. Rxg2+ Bxg2 0-1

[Event "Chess24 Banter QualF 2020"]
[Site "chess24.com INT"]
[Date "2020.09.13"]
[Round "1.9"]
[White "Abdusattorov, Nodirbek"]
[Black "Iturrizaga Bonelli, Eduardo"]
[Result "1-0"]
[WhiteTitle "GM"]
[BlackTitle "GM"]
[WhiteElo "2627"]
[BlackElo "2607"]
[WhiteFideId "14204118"]
[BlackFideId "3901211"]
[EventDate "2020.09.13"]

1. e4 c6 2. d4 d5 3. exd5 cxd5 4. Bd3 Nc6 5. c3 Qc7 6. Ne2 Bg4 7. O-O Bh5 8. Qb3
e6 9. Bf4 Qd7 10. Nd2 Bg6 11. Bxg6 hxg6 12. Rfe1 Nh6 13. Nf3 Nf5 14. Ng3 Bd6 15.
Bxd6 Nxd6 16. Qxd5 O-O-O 17. Qc5 Kb8 18. Ne5 Nxe5 19. Qxe5 Rh7 20. c4 Qc7 21. b3
Nf5 22. Nxf5 gxf5 23. d5 exd5 24. Rad1 g6 25. Rxd5 Rxd5 26. cxd5 Qxe5 27. Rxe5
Rh8 28. Re7 Rd8 29. Rxf7 Rxd5 30. Kf1 Rd2 31. Rf6 Rxa2 32. Rxg6 Rb2 33. Rg3 Rb1+
34. Ke2 Rb2+ 35. Ke1 Rb1+ 36. Kd2 Rb2+ 37. Kc3 Rxf2 38. h4 Rf4 39. h5 Rh4 40.
Rh3 Rg4 41. h6 Rg8 42. h7 Rh8 43. Kd4 b5 44. Ke5 a5 45. Kxf5 a4 46. bxa4 bxa4
47. Kg6 1-0

[Event "Chess24 Banter QualF 2020"]
[Site "chess24.com INT"]
[Date "2020.09.13"]
[Round "1.10"]
[White "Iturrizaga Bonelli, Eduardo"]
[Black "Abdusattorov, Nodirbek"]
[Result "0-1"]
[WhiteTitle "GM"]
[BlackTitle "GM"]
[WhiteElo "2607"]
[BlackElo "2627"]
[WhiteFideId "3901211"]
[BlackFideId "14204118"]
[EventDate "2020.09.13"]

1. c4 c6 2. Qa4 Nf6 3. g3 g6 4. Bg2 Bg7 5. Nf3 O-O 6. O-O d6 7. d4 Bf5 8. Nc3
Ne4 9. Nh4 Nxc3 10. bxc3 Bg4 11. Rb1 Qc8 12. f3 Bd7 13. Qb3 b6 14. f4 Bh3 15. e4
Bxg2 16. Kxg2 Nd7 17. Qc2 Qa6 18. Rb4 c5 19. Ra4 Qb7 20. d5 a6 21. Ra3 b5 22.
Rb3 Rab8 23. a4 b4 24. cxb4 cxb4 25. Be3 a5 26. Nf3 Rfc8 27. Nd4 Nc5 28. Nb5
Nxa4 29. Qf2 Rxc4 30. Na7 Nc5 31. Nc6 Nxb3 32. f5 Rf8 33. Bg5 Rxc6 0-1

[Event "Chess24 Banter QualF 2020"]
[Site "chess24.com INT"]
[Date "2020.09.14"]
[Round "2.1"]
[White "Adhiban, Baskaran"]
[Black "Bok, Benjamin"]
[Result "0-1"]
[WhiteTitle "GM"]
[BlackTitle "GM"]
[WhiteElo "2659"]
[BlackElo "2624"]
[WhiteFideId "5018471"]
[BlackFideId "1017063"]
[EventDate "2020.09.13"]

1. f4 d5 2. Nf3 g6 3. g3 Bg7 4. Bg2 Nf6 5. O-O O-O 6. d3 b6 7. c3 Bb7 8. a4 c5
9. Na3 Nbd7 10. Kh1 Re8 11. Ne5 Qc7 12. Nb5 Qb8 13. Nxd7 Nxd7 14. e4 a6 15. Na3
b5 16. Nc2 dxe4 17. dxe4 Nb6 18. axb5 axb5 19. Rxa8 Qxa8 20. Qe2 Rd8 21. Re1 Qa4
22. h4 Nc4 23. h5 e6 24. f5 exf5 25. exf5 Bxg2+ 26. Qxg2 Ne5 27. h6 Bf6 28. fxg6
hxg6 29. Rf1 Bh8 30. Ne3 Qb3 31. Qf2 Qe6 32. Kg2 Nd3 33. Qf3 Ne5 34. Qe4 c4 35.
Kg1 f5 36. Qg2 Nd3 37. Qf3 Kh7 38. Ng2 Bf6 39. Bf4 Re8 40. Qb7+ Re7 41. Qxb5 Qe4
42. Qb6 Bh8 43. Bg5 Rb7 44. Qd6 Ne5 45. Nh4 Qg4 46. Bf4 Nd3 47. Qc6 Nxf4 48.
Qxb7+ Kxh6 49. Rxf4 Qxg3+ 50. Ng2 Be5 51. Rh4+ Kg5 52. Qe7+ Bf6 53. Qe1 Qxe1+
54. Nxe1 Kxh4 55. Nf3+ Kg3 56. Nd2 g5 57. Nxc4 g4 58. Nd6 Kf4 59. Kg2 Be7 60.
Nc4 Kg5 61. b4 f4 62. Nd2 Kf5 63. b5 Bc5 64. c4 Be3 65. Nf1 f3+ 66. Kg3 Bb6 67.
Nd2 Bc7+ 68. Kf2 Kf4 69. c5 g3+ 70. Kg1 Ke3 71. Nxf3 Kxf3 72. b6 Bd8 73. Kf1 g2+
74. Kg1 Be7 0-1

[Event "Chess24 Banter QualF 2020"]
[Site "chess24.com INT"]
[Date "2020.09.14"]
[Round "2.2"]
[White "Bok, Benjamin"]
[Black "Adhiban, Baskaran"]
[Result "1/2-1/2"]
[WhiteTitle "GM"]
[BlackTitle "GM"]
[WhiteElo "2624"]
[BlackElo "2659"]
[WhiteFideId "1017063"]
[BlackFideId "5018471"]
[EventDate "2020.09.13"]

1. d4 Nf6 2. c4 c5 3. Nf3 cxd4 4. Nxd4 e5 5. Nb5 d5 6. cxd5 Bc5 7. e3 O-O 8.
N5c3 Bf5 9. Be2 Nbd7 10. Nd2 e4 11. g4 Bg6 12. g5 Ne8 13. Ndxe4 Nd6 14. Nxd6
Bxd6 15. h4 Re8 16. Kf1 Rc8 17. Bg4 Ne5 18. Bxc8 Qxc8 19. e4 Nc4 20. Qf3 Ne5 21.
Qe2 Nc4 22. h5 Bf5 23. h6 g6 24. b3 Nb6 25. Bb2 Be5 26. Rc1 Bd7 27. Nd1 Qd8 28.
Bxe5 Rxe5 29. f4 Re8 30. Qd3 f6 31. Qd4 Rf8 32. Nf2 Qe7 33. Rc7 Bb5+ 34. Kg2
Qxc7 35. Ng4 Qxf4 36. Nxf6+ Rxf6 37. Qxf6 Qxe4+ 38. Kg3 Qe3+ 39. Kh4 Qe4+ 40.
Kg3 Qd3+ 41. Kh4 Qe4+ 42. Kg3 1/2-1/2

[Event "Chess24 Banter QualF 2020"]
[Site "chess24.com INT"]
[Date "2020.09.14"]
[Round "2.3"]
[White "Adhiban, Baskaran"]
[Black "Bok, Benjamin"]
[Result "0-1"]
[WhiteTitle "GM"]
[BlackTitle "GM"]
[WhiteElo "2659"]
[BlackElo "2624"]
[WhiteFideId "5018471"]
[BlackFideId "1017063"]
[EventDate "2020.09.13"]

1. f4 d5 2. Nf3 g6 3. g3 Bg7 4. Bg2 Nf6 5. O-O b6 6. d3 Bb7 7. a4 O-O 8. c3 c5
9. Na3 Nbd7 10. Kh1 a6 11. Bd2 Re8 12. Ne5 Qc7 13. Nxd7 Qxd7 14. Qb3 Qc7 15.
Rae1 Rad8 16. Bc1 d4 17. Nc4 Bxg2+ 18. Kxg2 Nd5 19. e4 dxe3 20. Bxe3 e6 21. Bf2
Rb8 22. Ne5 b5 23. axb5 axb5 24. Kg1 Red8 25. Re2 Ne7 26. Ra1 Nf5 27. Ra6 Bxe5
28. Rxe5 Rxd3 29. Rxc5 Qd7 30. Ra1 Nd4 31. Bxd4 Qxd4+ 32. cxd4 Rxb3 33. Ra2 Rd8
34. Ra5 Rxb2 35. Raxb5 Rxb5 36. Rxb5 Rxd4 37. Kg2 Rd2+ 38. Kh3 Kg7 39. Rb4 h6
40. g4 g5 41. fxg5 hxg5 42. Kg3 Kf6 43. Rb7 Rd8 44. h3 Re8 45. h4 gxh4+ 46. Kxh4
Rc8 47. Kg3 Rc3+ 48. Kf4 Kg6 49. Rb8 f6 50. Rg8+ Kf7 51. Rb8 e5+ 52. Ke4 Rg3 53.
Rb7+ Kg6 54. Rb8 Rxg4+ 55. Ke3 Kf5 0-1

[Event "Chess24 Banter QualF 2020"]
[Site "chess24.com INT"]
[Date "2020.09.14"]
[Round "2.4"]
[White "Bok, Benjamin"]
[Black "Adhiban, Baskaran"]
[Result "1/2-1/2"]
[WhiteTitle "GM"]
[BlackTitle "GM"]
[WhiteElo "2624"]
[BlackElo "2659"]
[WhiteFideId "1017063"]
[BlackFideId "5018471"]
[EventDate "2020.09.13"]

1. d4 Nf6 2. Nf3 c5 3. c3 e6 4. Bg5 h6 5. Bh4 Qb6 6. Qb3 Nc6 7. e3 d5 8. Nbd2
Be7 9. Be2 O-O 10. O-O Bd7 11. Ne5 Rfd8 12. Nxd7 Nxd7 13. Bg3 Rac8 14. Rfd1 Nf6
15. Rac1 Rd7 16. dxc5 Bxc5 17. Qxb6 Bxb6 18. a3 a5 19. Nb3 Ne4 20. Bb5 Rdd8 21.
Kf1 f5 22. c4 Na7 23. a4 Nxb5 24. cxb5 Kf7 25. Ke2 Kf6 26. f3 Nxg3+ 27. hxg3
Rxc1 28. Rxc1 e5 29. Nc5 Bxc5 30. Rxc5 d4 31. b6 dxe3 32. Kxe3 Rd6 33. Rb5 Rc6
34. b4 axb4 35. Rxb4 Rc3+ 36. Kf2 Ra3 37. Rc4 h5 38. Rc7 Rxa4 39. Rxb7 Rb4 40.
Rb8 g6 41. b7 Kg5 42. Re8 Rb2+ 43. Kf1 Rxb7 44. Rxe5 h4 45. gxh4+ Kxh4 46. Re6
g5 47. Rg6 g4 48. fxg4 fxg4 49. Rc6 Rb1+ 50. Kf2 Rb2+ 51. Kg1 g3 52. Rc4+ Kg5
53. Kf1 Rf2+ 54. Kg1 Rd2 55. Kf1 Kf5 56. Rb4 Rf2+ 57. Kg1 Rc2 58. Kf1 Kg5 59.
Ra4 Kf5 60. Rb4 Rd2 61. Ra4 Rb2 62. Rc4 Ra2 63. Rb4 Rc2 64. Ra4 Rb2 65. Rc4 Rf2+
66. Kg1 Ra2 67. Kf1 Rf2+ 68. Kg1 Rd2 69. Kf1 Rf2+ 1/2-1/2

[Event "Chess24 Banter QualF 2020"]
[Site "chess24.com INT"]
[Date "2020.09.14"]
[Round "2.5"]
[White "Adhiban, Baskaran"]
[Black "Bok, Benjamin"]
[Result "1-0"]
[WhiteTitle "GM"]
[BlackTitle "GM"]
[WhiteElo "2659"]
[BlackElo "2624"]
[WhiteFideId "5018471"]
[BlackFideId "1017063"]
[EventDate "2020.09.13"]

1. c4 c6 2. e4 d5 3. exd5 cxd5 4. d4 Nf6 5. Nc3 g6 6. cxd5 Nxd5 7. Qb3 Nb6 8.
Be3 Bg7 9. Rd1 O-O 10. Nf3 Nc6 11. d5 Ne5 12. Nxe5 Bxe5 13. Be2 Bf5 14. O-O Rc8
15. h3 Qd7 16. g4 Bxc3 17. bxc3 Be4 18. c4 Qa4 19. Rd2 g5 20. Bxg5 Rfe8 21. Bh6
Bg6 22. Rc1 f6 23. h4 Qxb3 24. axb3 Nd7 25. h5 Bf7 26. b4 a6 27. c5 Red8 28. Be3
Nb8 29. Bf3 Rd7 30. c6 bxc6 31. dxc6 Rxd2 32. Bxd2 Rc7 33. Be3 Be8 34. Bb6 Rxc6
35. Bxc6 Nxc6 36. Bc5 a5 37. b5 Ne5 38. b6 Bc6 39. Bxe7 Kf7 40. Bd6 Nf3+ 41. Kg2
Nd4+ 42. Rxc6 Nxc6 43. b7 a4 44. Kf3 Ke6 45. b8=Q Nxb8 46. Bxb8 a3 47. Ba7 f5
48. g5 Ke5 49. Ke3 f4+ 50. Kd3 Kf5 51. g6 hxg6 52. hxg6 Kxg6 53. Ke4 Kg5 54. f3
a2 55. Bd4 Kg6 56. Kxf4 Kf7 57. Ba1 Ke6 58. Ke4 1-0

[Event "Chess24 Banter QualF 2020"]
[Site "chess24.com INT"]
[Date "2020.09.14"]
[Round "2.6"]
[White "Bok, Benjamin"]
[Black "Adhiban, Baskaran"]
[Result "0-1"]
[WhiteTitle "GM"]
[BlackTitle "GM"]
[WhiteElo "2624"]
[BlackElo "2659"]
[WhiteFideId "1017063"]
[BlackFideId "5018471"]
[EventDate "2020.09.13"]

1. Nf3 Nf6 2. c4 c5 3. Nc3 Nc6 4. g3 d6 5. Bg2 g6 6. d4 cxd4 7. Nxd4 Bd7 8. O-O
Bg7 9. b3 h5 10. Bb2 h4 11. Nd5 Ne5 12. Nf3 Nxd5 13. Nxe5 Nc7 14. Nd3 Bxb2 15.
Nxb2 Bc6 16. Qd4 e5 17. Qg4 Ne6 18. Rad1 Bxg2 19. Kxg2 Qd7 20. Kg1 O-O-O 21. Rd5
f5 22. Qf3 Qh7 23. Qg2 Qh5 24. Qf3 Qh6 25. Qg2 hxg3 26. fxg3 Ng5 27. Rfd1 Ne4 0-1

[Event "Chess24 Banter QualF 2020"]
[Site "chess24.com INT"]
[Date "2020.09.14"]
[Round "2.7"]
[White "Adhiban, Baskaran"]
[Black "Bok, Benjamin"]
[Result "1/2-1/2"]
[WhiteTitle "GM"]
[BlackTitle "GM"]
[WhiteElo "2659"]
[BlackElo "2624"]
[WhiteFideId "5018471"]
[BlackFideId "1017063"]
[EventDate "2020.09.13"]

1. c4 Nf6 2. Nc3 c5 3. Nf3 b6 4. d4 cxd4 5. Nxd4 Bb7 6. f3 e6 7. e4 d6 8. Be2
Be7 9. O-O O-O 10. Be3 a6 11. Qd2 Nbd7 12. a4 Ne5 13. a5 bxa5 14. Nb3 Nc6 15.
Na4 Nd7 16. Rfd1 Qc7 17. Bf1 Rab8 18. c5 Nxc5 19. Nbxc5 dxc5 20. Nxc5 Rfd8 21.
Qf2 Nb4 22. Rdc1 Bxc5 23. Bxc5 Qd7 24. Bb6 Rdc8 25. Rd1 Qe8 26. Bxa5 Ba8 27.
Bxb4 Rxb4 28. Bxa6 Rcb8 29. Rd2 h6 30. h3 Bc6 31. Rad1 Ba4 32. Rc1 Bb5 33. Bxb5
Qxb5 34. Rcc2 Qe5 35. Rc3 Ra4 36. Rd1 Rab4 37. Rd2 Ra4 38. Rd1 Rab4 39. Rd2 1/2-1/2

[Event "Chess24 Banter QualF 2020"]
[Site "chess24.com INT"]
[Date "2020.09.14"]
[Round "2.8"]
[White "Bok, Benjamin"]
[Black "Adhiban, Baskaran"]
[Result "1-0"]
[WhiteTitle "GM"]
[BlackTitle "GM"]
[WhiteElo "2624"]
[BlackElo "2659"]
[WhiteFideId "1017063"]
[BlackFideId "5018471"]
[EventDate "2020.09.13"]

1. d4 Nf6 2. Nf3 e6 3. c4 Bb4+ 4. Nbd2 d5 5. Qa4+ Nc6 6. a3 Bxd2+ 7. Bxd2 Ne4 8.
e3 O-O 9. Bd3 Nxd2 10. Nxd2 e5 11. cxd5 Qxd5 12. Be4 Qd8 13. Bxc6 bxc6 14. Nf3
exd4 15. Qxd4 Ba6 16. O-O-O Qc8 17. Qc3 Rb8 18. Ne5 Qe6 19. Nd7 Rb3 20. Qc2 Rb5
21. Nxf8 Kxf8 22. Rd8+ Ke7 23. Rhd1 Re5 24. Qc3 Re4 25. R1d7+ Qxd7 26. Rxd7+
Kxd7 27. Qxg7 Bc4 28. Qxh7 Re6 29. Qxf7+ Kc8 30. Qf8+ Kd7 31. Qf4 Bb3 32. Qb4
Bd5 33. g3 c5 34. Qc3 c4 35. h4 Rd6 36. h5 Bf3 37. h6 Be4 38. h7 Bxh7 39. Qg7+
Kc6 40. Qxh7 a5 41. g4 1-0